| 000 | 00981nam a2200289 a 4500 | ||
|---|---|---|---|
| 001 | 4280275 | ||
| 003 | ARRUPE | ||
| 005 | 20150311020006.0 | ||
| 008 | 850215s1985 mdu b 000 0 eng | ||
| 010 | _a 85070633 | ||
| 020 |
_a0870610961 (pbk.) : _c$50.00 |
||
| 040 |
_aDLC _cDLC _dDLC |
||
| 050 | 0 | 0 |
_aBR141 _b.R38 1985 |
| 082 | 0 | 0 |
_a282/.09 _219 |
| 245 | 0 | 0 |
_aReadings in church history / _cedited by Colman J. Barry. |
| 250 | _aRev. ed. | ||
| 260 |
_aWestminster, Md. : _bChristian Classics, _c1985. |
||
| 300 |
_axxxiv, 1373 p. ; _c24 cm. |
||
| 500 | _aOriginally published in 3 v. in 1960-1965. | ||
| 504 | _aBibliography: p. 1373. | ||
| 505 | 0 | _aFrom Pentecost to the Protestant revolt -- The Reformation -- The modern era. | |
| 610 | 2 | 0 |
_aCatholic Church _xHistory _xSources. _92601 |
| 650 | 0 |
_aChurch history _xSources. _92602 |
|
| 700 | 1 |
_aBarry, Colman James, _d1921- _92603 |
|
| 906 |
_a7 _bcbc _corignew _d3 _eopcn _f19 _gy-gencatlg |
||
| 942 |
_2lcc _cMONOGRAPH _01 |
||
| 999 |
_c118365 _d118365 |
||